[Event "Smith & Williamson"]
[Site "Witley"]
[Date "1998.07.20"]
[Round "1"]
[White "Kieran, Rosalind"]
[Black "Longson, Alex"]
[Result "1/2-1/2"]
[WhiteElo "2025"]
[BlackElo "2135"]

1.e4 c5 2.Nf3 d6 3.d4 cxd4 4.Nxd4 Nf6 5.Nc3 a6 6.Be3 e5 7.Nb3 Be6 8.f3 Be7
9.Qd2 O-O 10.O-O-O a5 11.Bb5 Nc6 12.g4 Ne8 13.Kb1 Qb8 14.Nd5 Bxd5 15.exd5 Nc7
16.Bd3 a4 17.Nc1 Nxd5 18.Bxh7+ Kxh7 19.Qxd5 Qc7 20.h4 Qa5 21.Qe4+ Kg8 22.Bg5 a3
23.Bd2 Qa4 24.Qxa4 Rxa4 25.b3 Raa8 26.Bc3 Nd8 27.Ne2 Ne6 28.Ng3 Rfd8 29.Nf5 Bf8
30.Rd2 g6 31.Ne3 Bg7 32.Nc4 Nd4 33.Rd3 Nb5 34.Ba5 Re8 35.Re1 d5 36.Rxd5 Rxa5
37.Rxb5 Rxb5 38.Nd6 Rxb3+ 39.cxb3 Rd8 40.Nc4 Rd3 41.Rf1 e4 42.fxe4 Rh3 43.h5 gxh5
44.gxh5 Rxh5 45.Nxa3 Rh2 46.Nc2 Rh4 47.Ne3  1/2-1/2

[Event "Smith & Williamson"]
[Site "Witley"]
[Date "1998.07.20"]
[Round "2"]
[White "Largevsky, Joanna"]
[Black "Leech, Aiden M"]
[Result "1-0"]
[WhiteElo "2039"]
[BlackElo "2145"]

1.e4 c5 2.Nf3 d6 3.Nc3 Nf6 4.d4 cxd4 5.Nxd4 a6 6.Be3 e5 7.Nb3 Be6 8.f3 Be7
9.Qd2 Nbd7 10.O-O-O b5 11.g4 Nb6 12.g5 Nh5 13.Na5 Qc7 14.Nd5 Bxd5 15.exd5 Rc8
16.Bh3 Nxd5 17.Bxc8 Nxe3 18.Qxe3 Qxc8 19.Kb1 Qc7 20.Nb3 O-O 21.Rd3 Nf4 22.Rc3 Qb7
23.Na5 Qd7 24.Rd1 Ne6 25.h4 Nd4 26.Nb3 Bd8 27.f4 Qg4 28.Rcd3 Nxb3 29.axb3 exf4
30.Qf2 Bc7 31.Rf1 Re8 32.Qxf4 Qxf4 33.Rxf4 Re1+ 34.Ka2 g6 35.Rff3 Re4 36.Rc3 Ba5
37.Rce3 Rxh4 38.Re8+ Kg7 39.Re7 Bd2 40.Rexf7+  1-0

[Event "Smith & Williamson"]
[Site "Witley"]
[Date "1998.07.21"]
[Round "4"]
[White "Kieran, Rosalind"]
[Black "Mutton, Jonathan"]
[Result "1-0"]
[WhiteElo "2025"]
[BlackElo "2135"]

1.e4 c5 2.Nf3 d6 3.d4 cxd4 4.Nxd4 Nf6 5.Nc3 a6 6.Be3 Ng4 7.Bg5 h6 8.Bh4 g5
9.Bg3 Bg7 10.Qd2 Nc6 11.Nb3 Be6 12.f3 Nge5 13.Nd5 b5 14.Bf2 Rb8 15.O-O-O Nc4
16.Bxc4 bxc4 17.Nd4 Bxd5 18.exd5 Nb4 19.Kb1 Nxd5 20.c3 Qd7 21.h4 Nf4 22.Rc1 Nd3
23.Rc2 e5 24.Qe3 O-O 25.Ne2 f5 26.Nc1 f4 27.Qe2 Qf5 28.Ka1 d5 29.Rd2 e4 30.fxe4 dxe4
31.Bd4 Bxd4 32.cxd4 g4 33.Rc2 h5 34.Rf1 g3 35.Qd2 Rf7 36.Nxd3 cxd3 37.Rc5 Qf6
38.Qc3 Rb5 39.Rc6 Qf5 40.Rc8+ Kh7 41.Qc6 f3 42.Qe8 Qf6 43.Qxe4+ Qf5 44.Qe8 fxg2
45.Qh8+ Kg6  1-0

[Event "Budapest FS08 GM"]
[Site "Budapest"]
[Date "1998.08.01"]
[Round "1"]
[White "Borge, Nikolaj"]
[Black "Barczay, Laszlo"]
[Result "1-0"]
[WhiteElo "2390"]
[BlackElo "2405"]

1.e4 c5 2.Nf3 d6 3.d4 cxd4 4.Nxd4 Nf6 5.Nc3 a6 6.Be3 e6 7.g4 h5 8.gxh5 Rxh5
9.h4 Rc5 10.Bg2 Qc7 11.Nde2 Rc4 12.Qd3 Ng4 13.Bd4 Ne5 14.Qg3 Nbc6 15.Be3 Nb4
16.Rc1 Bd7 17.O-O Bb5 18.Rfd1 Qa5 19.a3 Nxc2 20.Rxc2 Ba4 21.b4 Qd8 22.Nxa4 Rxc2
23.Nd4 Ra2 24.Nc3 Rxa3 25.Bc1 Rxc3 26.Qxc3 Rc8 27.Qh3 Be7 28.h5 Qc7 29.f4 Qb6
30.Be3 Nc4 31.Bf2 Qxb4 32.f5 exf5 33.Nxf5  1-0

[Event "RUS-ch51"]
[Site "St Petersburg"]
[Date "1998.08.01"]
[Round "5"]
[White "Kobalija, Mihail"]
[Black "Dvoirys, Semen I"]
[Result "1-0"]
[WhiteElo "2505"]
[BlackElo "2585"]

1.e4 c5 2.Nf3 d6 3.d4 cxd4 4.Nxd4 Nf6 5.Nc3 a6 6.Be3 e5 7.Nb3 Be6 8.f3 Nbd7
9.g4 Be7 10.Qd2 b5 11.O-O-O Nb6 12.g5 Nh5 13.Nd5 Nxd5 14.exd5 Bd7 15.Na5 O-O
16.Kb1 Qc7 17.c4 Rac8 18.Rc1 Nf4 19.h4 Qb8 20.Bxf4 exf4 21.Bh3 Bxh3 22.Rxh3 bxc4
23.Nc6 Rxc6 24.dxc6 Qc8 25.Rh2 Qxc6 26.Qe2 Qb7 27.Rxc4 d5 28.Rc1 Bd8 29.Qe5 Bb6
30.Qxf4 Re8 31.Rhc2 g6 32.Rc7 Bxc7 33.Rxc7 Re1+ 34.Kc2 Re2+ 35.Kd1  1-0

[Event "MK Cafe Cup-A"]
[Site "Koszalin"]
[Date "1998.08.03"]
[Round "1"]
[White "Kaminski, Marcin"]
[Black "Dworakowska, Joanna"]
[Result "1/2-1/2"]
[WhiteElo "2530"]
[BlackElo "2390"]

1.e4 c5 2.Nf3 d6 3.d4 cxd4 4.Nxd4 Nf6 5.Nc3 a6 6.Be3 e6 7.Be2 Be7 8.f4 Qc7
9.Bf3 O-O 10.O-O Nc6 11.Nxc6 bxc6 12.Na4 Rb8 13.c4 c5 14.b3 Bb7 15.Qc2 Nd7
16.Rad1 Rbd8 17.Qf2 f5 18.exf5 Rxf5 19.Nc3 Bxf3 20.Qxf3 Rf7 21.Qh3 Nf8 22.f5 Qc8
23.fxe6 Qxe6 24.Rxf7 Kxf7 25.Qf3+ Kg8 26.Nd5 Rd7 27.Bf4 Bd8 28.Qg3 Ng6 29.Bd2 Bh4
30.Qd3 Rf7 31.Be3 Qg4 32.Rf1 Ne5 33.Qd1 Qxd1 34.Rxd1 Ng4 35.g3 Nxe3 36.Nxe3 Bg5
37.Nd5 Bf6 38.Kg2 Bd4 39.Rf1 Ra7 40.Kf3 Rf7+ 41.Ke2 Rxf1 42.Kxf1 Kf7 43.Ke2 a5
44.Kf3 Ke6 45.Ke4 Be5 46.Kf3 Bb2 47.Nf4+ Kf5 48.g4+ Kg5 49.Ng2 Be5 50.h4+ Kf6
51.Nf4 h6 52.Ke4 g6 53.Kf3 Ba1 54.Ke4 Be5 55.Nd5+ Ke6 56.Ne3 Bd4 57.Ng2 Be5
58.Ne3 Bd4 59.Nd5 Be5 60.a4 Bg3 61.h5 gxh5 62.gxh5 Be5 63.Ne3 Bf6 64.Nf5 Bg5
65.Ng7+ Kf7 66.Nf5 Ke6  1/2-1/2

[Event "MK Cafe Cup-A"]
[Site "Koszalin"]
[Date "1998.08.04"]
[Round "2"]
[White "Konguveel, Ponnuswamy"]
[Black "Ftacnik, Lubomir"]
[Result "1/2-1/2"]
[WhiteElo "2410"]
[BlackElo "2585"]

1.e4 c5 2.Nf3 d6 3.d4 cxd4 4.Nxd4 Nf6 5.Nc3 a6 6.Be3 e5 7.Nf3 Be7 8.Bc4 O-O
9.O-O Be6 10.Qe2 b5 11.Bb3 h6 12.Rfd1 Nbd7 13.h3 Qc7 14.Nh4 Rfe8 15.Nf5 Bf8
16.Qf3 Rac8 17.Rd2 b4 18.Ne2 Qc6 19.Neg3 a5 20.Rad1 a4 21.Bd5 Bxd5 22.exd5 Qb5
23.Nh5 Nxh5 24.Qxh5 Rc7 25.Bxh6 Nf6 26.Qh4 Rc4 27.f4 gxh6 28.Qxf6 Qc5+ 29.Kh2 exf4
30.Rf1 Ree4 31.Rd3 Rxc2 32.Rxf4 Rxg2+ 33.Kxg2 Qc2+ 34.Rf2 Qxd3 35.Nxd6 Bxd6
36.Qxf7+ Kh8 37.Qf6+ Kh7 38.Qxd6 Re2 39.Qd7+ Kh8 40.Qd8+ Kh7 41.Qd7+ Kh8
42.Rxe2 Qxe2+ 43.Kg3 Qxb2 44.Qe8+ Kg7 45.Qe7+  1/2-1/2

[Event "MK Cafe Cup-A"]
[Site "Koszalin"]
[Date "1998.08.05"]
[Round "3"]
[White "Hracek, Zbynek"]
[Black "Novikov, Igor A"]
[Result "1/2-1/2"]
[WhiteElo "2615"]
[BlackElo "2545"]

1.e4 c5 2.Nf3 d6 3.d4 cxd4 4.Nxd4 Nf6 5.Nc3 a6 6.Be3 e6 7.g4 h6 8.Bg2 Nc6
9.h3 Qa5 10.f4 Nxd4 11.Qxd4 e5 12.Qd2 Be6 13.f5 Bd7 14.O-O-O Rc8 15.Rhe1 Be7
16.Kb1 Rc4 17.Qf2 Rxc3 18.bxc3  1/2-1/2

[Event "MK Cafe Cup-A"]
[Site "Koszalin"]
[Date "1998.08.06"]
[Round "4"]
[White "Nijboer, Friso"]
[Black "Kempinski, Robert"]
[Result "1-0"]
[WhiteElo "2525"]
[BlackElo "2545"]

1.e4 c5 2.Nf3 d6 3.d4 cxd4 4.Nxd4 Nf6 5.Nc3 a6 6.Be3 Ng4 7.Bg5 h6 8.Bh4 g5
9.Bg3 Bg7 10.Be2 h5 11.Bxg4 Bxg4 12.f3 Bd7 13.Bf2 Nc6 14.Qd2 Ne5 15.b3 Rc8
16.Nd5 e6 17.Nf5 exd5 18.Nxg7+ Kf8 19.Nf5 Bxf5 20.exf5 Qf6 21.O-O Kg7 22.Rac1 Qxf5
23.Qxd5 Rxc2 24.Rxc2 Qxc2 25.Qxd6 Re8 26.Bd4 Qe2 27.h4 Kh7 28.hxg5 Qd2 29.f4 Re6
30.Qd8 Rc6 31.fxe5 Rc1 32.g6+  1-0

[Event "Budapest FS08 IM-B"]
[Site "Budapest"]
[Date "1998.08.08"]
[Round "8"]
[White "Medvegy, Zoltan"]
[Black "Kolbus, Dietmar"]
[Result "1/2-1/2"]
[WhiteElo "2370"]
[BlackElo "2320"]

1.e4 c5 2.Nf3 d6 3.d4 cxd4 4.Nxd4 Nf6 5.Nc3 a6 6.Be3 e5 7.Nb3 Be7 8.Be2 O-O
9.O-O Nc6 10.f3 Be6 11.Qd2 d5 12.exd5 Nxd5 13.Nxd5 Qxd5 14.Qxd5 Bxd5 15.c4 Be6
16.Rfd1 Rad8 17.Bb6 Rxd1+ 18.Rxd1 Bd8 19.Bc5 Re8 20.Kf2 Bc7 21.Be3 Rd8 22.Rxd8+ Nxd8
23.Bd3 f5 24.Nc5 Bc8 25.Na4 Nc6 26.Nb6 Be6 27.Nd5 Bd6 28.a3 Kf7 29.Bb6 Bxd5
30.cxd5 Ne7 31.Bc4 Nc8 32.Be3 f4 33.Bd2 Bc5+ 34.Ke2 Nd6 35.Bd3 h6 36.Kd1 Kf6
37.Kc2 g5 38.Kb3 Bd4 39.Bb4 Ke7 40.a4 Kd7 41.a5 Kc7 42.Be2 Kd7 43.Bd3 Kc7
44.h3 Kd7 45.Bc3 Bxc3 46.bxc3 Kc7 47.Kb4 b5 48.Bg6  1/2-1/2

[Event "MK Cafe Cup-A"]
[Site "Koszalin"]
[Date "1998.08.08"]
[Round "6"]
[White "Socko, Bartosz"]
[Black "Ftacnik, Lubomir"]
[Result "1/2-1/2"]
[WhiteElo "2475"]
[BlackElo "2585"]

1.e4 c5 2.Nf3 d6 3.d4 cxd4 4.Nxd4 Nf6 5.Nc3 a6 6.Be3 e5 7.Nb3 Be6 8.f3 Nbd7
9.g4 h6 10.Qd2 Be7 11.O-O-O b5 12.h4 Nb6 13.Qf2 Rb8 14.Kb1 Qc7 15.Rg1 Na4
16.Ne2 Rc8 17.Nec1 Nd7 18.g5 Ndb6 19.Bxb6 Qxb6 20.Qxb6 Nxb6 21.Nd3 Nc4 22.Nb4 Ne3
23.Re1 Nxf1 24.Rexf1 g6 25.Nxa6 hxg5 26.hxg5 d5 27.Rh1 Rxh1 28.Rxh1 dxe4
29.fxe4 Bxg5 30.Nbc5 Ke7 31.Nd3 Rc4 32.Re1 Ra4 33.Ndc5 Rc4 34.b3 Rc3 35.Kb2 Rf3
36.Nxe6 fxe6 37.Rg1 Kf6 38.Rg2 Be3 39.c3 g5 40.Kc2 Bb6 41.Nb8 Bc7 42.Nd7+ Ke7
43.Nc5 Bb6 44.b4 Bxc5 45.bxc5 Rf4 46.Rxg5 Kf6 47.Rg8 Rxe4 48.Rb8 Ra4 49.Kb3 e4
50.Rxb5 Ra8 51.a4 e3 52.Rb4 Ke5 53.Kc2 Kd5 54.Kd3 Kxc5 55.Re4 Kd5 56.Kxe3 Rh8  1/2-1/2

[Event "MK Cafe Cup-A"]
[Site "Koszalin"]
[Date "1998.08.10"]
[Round "8"]
[White "Socko, Bartosz"]
[Black "Vaulin, Alexander"]
[Result "1-0"]
[WhiteElo "2475"]
[BlackElo "2550"]

1.e4 c5 2.Nf3 d6 3.d4 cxd4 4.Nxd4 Nf6 5.Nc3 a6 6.Be3 e5 7.Nb3 Be6 8.f3 Be7
9.Qd2 Nbd7 10.g4 h6 11.O-O-O b5 12.Kb1 Nb6 13.Qf2 Rb8 14.Nc5 b4 15.Ne2 Nc4
16.Nxe6 fxe6 17.Nc1 Qc7 18.Bxc4 Qxc4 19.h4 a5 20.g5 hxg5 21.hxg5 Rxh1 22.Rxh1 Nd7
23.Rh8+ Nf8 24.b3 Qc6 25.Nd3 a4 26.Bd2 axb3 27.cxb3 d5 28.Nxe5 Qa6 29.Bf4 Rc8
30.Qd2 Rd8 31.Qh2  1-0

[Event "Energy Cup"]
[Site "Olomouc"]
[Date "1998.08.12"]
[Round "5"]
[White "Simacek, Pavel"]
[Black "Helbich, Jan"]
[Result "1/2-1/2"]
[WhiteElo "2350"]
[BlackElo "2250"]

1.e4 c5 2.Nf3 d6 3.d4 cxd4 4.Nxd4 Nf6 5.Nc3 a6 6.Be3 e6 7.g4 h6 8.h3 b5 9.Bg2 Bb7
10.a3 Nbd7 11.Nde2 Be7 12.O-O Rc8 13.Ng3 Ne5 14.Bd4 Nc6 15.Be3 Ne5 16.Nce2 Qc7
17.f4 Nc4 18.Bc1 Qb6+ 19.Kh2 Ne3 20.Bxe3 Qxe3 21.Qd3 Qxd3 22.cxd3 Nd7 23.f5 Bf6
24.d4 O-O 25.Rac1 Bg5 26.fxe6 fxe6 27.Rxf8+ Kxf8 28.Rxc8+ Bxc8 29.Nh5 Nb6
30.b3 a5 31.Nc3 a4 32.bxa4 bxa4 33.Bf1 Bc1 34.Bb5 Bxa3 35.Nxa4 Nxa4 36.Bxa4 Bb7
37.Nf4 Bxe4  1/2-1/2

[Event "ARG-ch97"]
[Site "Villa Martelli"]
[Date "1998.08.13"]
[Round "7"]
[White "Soppe, Guillermo"]
[Black "Quiroga, Facundo"]
[Result "1-0"]
[WhiteElo "2455"]
[BlackElo "2370"]

1.e4 c5 2.Nf3 d6 3.d4 cxd4 4.Nxd4 Nf6 5.Nc3 a6 6.Be3 e5 7.Nb3 Be6 8.Qd2 Nbd7
9.f3 Rc8 10.g4 Qc7 11.g5 Nh5 12.O-O-O Be7 13.Nd5 Bxd5 14.exd5 Nf4 15.Bxf4 exf4
16.h4 h6 17.Bd3 hxg5 18.hxg5 Rxh1 19.Rxh1 Bxg5 20.Bf5 g6 21.Re1+ Kf8 22.Bxd7 Qxd7
23.Qd4 Qh3 24.Qb4 Qxf3 25.Qxd6+ Kg7 26.Nd2 Qd3 27.c3 Rd8 28.Qe5+ Bf6 29.Qxf4 Rxd5
30.Ne4 Be5 31.Qh4 Qf3 32.Kc2 Qg2+ 33.Kb1 Qf3 34.a3 Rd1+ 35.Rxd1 Qxd1+ 36.Ka2 Qd5+
37.Kb1 f6 38.Kc2 Qc4 39.Qh1 Qc6 40.Qh4 g5 41.Qg4 Kg6 42.Qe2 Bf4 43.Nf2 f5
44.Qe7 Bg3 45.Nd3 Qe4 46.Qd8 Kh5 47.Qd7 b5 48.Kd2 Kg4 49.Kc2 Kf3 50.Kb3 g4
51.Ka2 Kg2 52.Nb4 a5 53.Nd5 f4 54.Nf6 Qc4+ 55.Kb1 f3 56.Nxg4 f2 57.Nxf2 Bxf2
58.Qd8 a4 59.Qa8+ Kg1 60.Qf3 Kf1 61.Kc2 Kg1 62.Kb1 Bh4 63.Kc2 Kh2 64.Kb1 Bg3
65.Kc2 Kh3 66.Kb1 Kh4 67.Kc2 Bf4 68.Kb1 Kg5 69.Ka1 Kf5 70.Qh5+ Ke4 71.Qh1+ Kd3
72.Qf1+ Kc2 73.Qb1+ Kd2 74.Qf5 Be3 75.Qh7 Qe2 76.Ka2 Qc4+ 77.Ka1 Qe2 78.Ka2 Qd3
79.Qh2+ Kc1 80.Qh1+ Kd2 81.Qg2+ Qe2 82.Qd5+ Kc2 83.Qe4+ Qd3 84.Qh1 Qc4+ 85.Ka1 Bc1
86.Qg2+ Bd2 87.Qh1 Bxc3 88.Qg2+ Kb3 89.Qf2  1-0

[Event "Wch (Women) U26"]
[Site "Rotterdam"]
[Date "1998.08.14"]
[Round "4"]
[White "Grabics, Monika"]
[Black "De Mie, Mariska"]
[Result "1-0"]
[WhiteElo "2355"]
[BlackElo "2110"]

1.e4 c5 2.Nf3 d6 3.d4 cxd4 4.Nxd4 Nf6 5.Nc3 a6 6.Be3 e5 7.Nb3 Be6 8.Qd2 Nbd7
9.f3 Be7 10.g4 h6 11.O-O-O Qc7 12.h4 Rc8 13.Be2 b5 14.g5 Nh5 15.gxh6 g6 16.Bg5 b4
17.Nd5 Bxd5 18.exd5 a5 19.Bb5 Bxg5 20.hxg5 Nf4 21.Kb1 Ra8 22.Bc6 Ra7 23.Nd4 Qb8
24.Rhe1 Nh5 25.f4 Kd8 26.Bxd7 exd4 27.Bc6 Qb6 28.Qe2 Ng3 29.Qe8+  1-0

[Event "FRA-ch"]
[Site "Meribel"]
[Date "1998.08.18"]
[Round "5"]
[White "Relange, Eloi"]
[Black "Miralles, Gilles"]
[Result "1/2-1/2"]
[WhiteElo "2490"]
[BlackElo "2515"]

1.e4 c5 2.Nf3 d6 3.d4 cxd4 4.Nxd4 Nf6 5.Nc3 a6 6.Be3 e5 7.Nb3 Be7 8.f3 Be6
9.Qd2 Nc6 10.Nd5 Bxd5 11.exd5 Nb8 12.O-O-O Nbd7 13.Kb1 Qc7 14.c4 a5 15.a4 Nb6  1/2-1/2

[Event "Mislata op7th"]
[Site "Valencia"]
[Date "1998.08.18"]
[Round "6.8"]
[White "Mancebo Ibanez, Fernando"]
[Black "Crespo, Raimundo Francisco"]
[Result "1/2-1/2"]
[WhiteElo "2215"]
[BlackElo "2185"]

1.e4 c5 2.Nf3 d6 3.d4 cxd4 4.Nxd4 Nf6 5.Nc3 a6 6.Be3 e5 7.Nb3 Be6 8.f3 b5
9.Qd2 Nbd7 10.O-O-O Be7 11.g4 Nb6 12.g5 Nfd7 13.Nd5 Bxd5 14.exd5 Nc4 15.Bxc4 bxc4
16.Na5 c3 17.Qxc3 Bxg5 18.Nc6 Bxe3+ 19.Qxe3 Qf6 20.Rhg1 O-O  1/2-1/2

[Event "ESP-ch"]
[Site "Linares"]
[Date "1998.08.19"]
[Round "8"]
[White "Lopez Martinez, Jose Manuel"]
[Black "Serra Olives, Tomas"]
[Result "1/2-1/2"]
[WhiteElo "2350"]
[BlackElo "2205"]

1.e4 c5 2.Nf3 d6 3.d4 cxd4 4.Nxd4 Nf6 5.Nc3 a6 6.Be3 e6 7.Be2 Be7 8.f4 Qc7
9.Nb3 b5 10.a3 Bb7 11.Bf3 Nbd7 12.O-O O-O 13.Qe1 Nb6 14.Nd2 Nfd7 15.Rc1 Bf6
16.Nd1 e5 17.f5 d5 18.c3 d4 19.Bf2 Rac8 20.Bh4 Qd6 21.Bxf6 Nxf6 22.g4 Rc7
23.g5 Nfd7 24.Bg2 f6 25.g6 h6 26.Rf3 Rfc8 27.Kh1 Na4 28.Nb1 a5 29.Nf2 Nxb2
30.Rh3 Nb6 31.Rc2 dxc3 32.Nxc3 N6a4 33.Rd2 Qe7 34.Nxb5 Rc1 35.Nd1 Qc5 36.Nd6 Rd8
37.Nxb7 Rxd2 38.Qxd2 Rxd1+ 39.Qxd1 Nxd1 40.Nxc5 Nf2+ 41.Kg1 Nxh3+ 42.Bxh3 Nxc5
43.Bg2 Kf8 44.Kf1 Ke7 45.Ke2 Kd6 46.Kd2 Kc6 47.Kc3 Kb5 48.Bf1+ Kc6 49.Kc4 Nd7
50.Kc3 Kc5 51.Bd3 Nb8 52.a4 Nc6 53.Ba6 Nd4 54.Bd3 Nf3 55.Bb5 Ng5 56.Bd3 Nh3
57.Bb1 h5 58.Bc2 h4 59.Bb1 Nf2 60.Bc2 h3 61.Bb1 Ng4 62.Bd3 Ne3 63.Be2 Ng2
64.Bg4  1/2-1/2

[Event "POL-chTJ"]
[Site "Rowy"]
[Date "1998.08.20"]
[Round "1"]
[White "Jedryczka, Krystian"]
[Black "Fojudzki, Marcin"]
[Result "1-0"]
[WhiteElo "2465"]
[BlackElo "2050"]

1.e4 c5 2.Nf3 d6 3.d4 cxd4 4.Nxd4 Nf6 5.Nc3 a6 6.Be3 e5 7.Nb3 Be6 8.f3 Nbd7
9.Qd2 b5 10.a4 b4 11.Nd5 Bxd5 12.exd5 Nb6 13.Bxb6 Qxb6 14.a5 Qb7 15.Bc4 Be7
16.Ra4 Rb8 17.Nc1 Bd8 18.b3 O-O 19.Na2 Nd7 20.Kd1 Bc7 21.Rxb4 Qa7 22.Rxb8 Rxb8
23.b4 Nf6 24.Re1 Rc8 25.Qe3 Qa8 26.Qd3 Rb8 27.c3 Qa7 28.Nc1 Qf2 29.Qe2 Qh4
30.g3 Qg5 31.Kc2 Qf5+ 32.Qd3 Qd7 33.Nb3 Ra8 34.Bxa6 Nxd5 35.Bb5  1-0

[Event "Hampstead GM3"]
[Site "Hampstead"]
[Date "1998.08.22"]
[Round "12"]
[White "Gormally, Daniel"]
[Black "Kaufman, Larry C"]
[Result "1/2-1/2"]
[WhiteElo "2400"]
[BlackElo "2400"]

1.e4 c5 2.Nf3 d6 3.d4 cxd4 4.Nxd4 Nf6 5.Nc3 a6 6.Be3 e6 7.g4 e5 8.Nf5 g6
9.g5 gxf5 10.exf5 d5 11.gxf6 d4 12.Bc4 Qc7 13.Qd3 dxe3 14.O-O-O exf2 15.Bxf7+ Kxf7
16.Qd5+ Kxf6 17.Ne4+ Ke7 18.Nd6 Bh6+ 19.Kb1 Kf6 20.Ne4+ Ke7 21.Nd6 Kf6 22.Ne4+ Ke7
23.Nd6  1/2-1/2

[Event "POL-chTJ"]
[Site "Rowy"]
[Date "1998.08.25"]
[Round "6"]
[White "Glazik, Malgorzata"]
[Black "Iwaniuk, Dorota"]
[Result "1/2-1/2"]
[WhiteElo "2130"]
[BlackElo "2195"]

1.e4 c5 2.Nf3 d6 3.d4 cxd4 4.Nxd4 Nf6 5.Nc3 a6 6.Be3 e5 7.Nb3 Be6 8.Be2 Be7
9.O-O O-O 10.Nd5 Nxd5 11.exd5 Bf5 12.Qd2 Nd7 13.Na5 Qc7 14.c4 Bg6 15.b4 f5
16.f4 Rae8 17.Rac1 exf4 18.Bxf4 Qb6+ 19.Kh1 Nf6 20.Bf3 Ne4 21.Bxe4 fxe4 22.Be3 Rxf1+
23.Rxf1 Qc7 24.h3 Bd8 25.Qe2 Qd7 26.Rb1 Bf5 27.g4 Bg6 28.Nb3 h5 29.Nd4 Rf8
30.Rg1 Rf7 31.Kg2 hxg4 32.hxg4 Bf6 33.Rf1 Bxd4 34.Rxf7 Qxf7 35.Bxd4 b5 36.Qf2 Qd7
37.Kg3 bxc4 38.Qc2 Qc7 39.Qc3 Be8 40.Kf4 Bg6 41.a4 Be8 42.a5 Qf7+ 43.Kxe4 Qg6+
44.Kf4 Bd7 45.Qf3 Qh6+ 46.Kg3 g5 47.Qf6 Qh4+ 48.Kg2 Qxg4+ 49.Kh1 Qh3+  1/2-1/2

[Event "POL-chTJ"]
[Site "Rowy"]
[Date "1998.08.27"]
[Round "8"]
[White "Blehm, Pawel"]
[Black "Fojudzki, Marcin"]
[Result "1-0"]
[WhiteElo "2420"]
[BlackElo "2050"]

1.e4 c5 2.Nf3 d6 3.d4 cxd4 4.Nxd4 Nf6 5.Nc3 a6 6.Be3 e5 7.Nb3 Be6 8.f3 Nbd7
9.g4 h6 10.Qd2 b5 11.O-O-O Nb6 12.Qf2 Nfd7 13.Kb1 Be7 14.h4 Qc7 15.Nd5 Bxd5
16.exd5 Nc4 17.Bc1 O-O 18.Bd3 a5 19.Nd2 Ndb6 20.g5 h5 21.Qe2 Nxd2+ 22.Rxd2 Nc4
23.Rdd1 g6 24.a4 Rfc8 25.axb5 a4 26.Bxc4 Qxc4 27.Qxc4 Rxc4 28.Rhe1 f5 29.gxf6 Bxf6
30.f4 Kf7 31.fxe5 Bxe5 32.Rf1+ Kg7 33.Rf3 Rb4 34.c3 Rxb5 35.Kc2 Rc8 36.Bf4 Bxf4
37.Rxf4 Rcb8 38.Rb1 a3 39.b4 Rxd5 40.Ra1 Ra8 41.Kb3 Rd3 42.b5 g5 43.hxg5 Kg6
44.b6 Rd5 45.Rxa3 Rb8 46.Rb4 Rc5 47.Kc2 Rc6 48.Rab3 Kxg5 49.Rb1 h4 50.Kd3 h3
51.Rg1+ Kf6 52.Rf4+ Ke5 53.Re4+ Kf5 54.Rf1+ Kg5 55.Re3 Rcxb6 56.Rxh3 Rb5
57.Rg3+ Kh4 58.Rg6 Rd5+ 59.Kc2 Kh5 60.Rg2 Kh6 61.Rf8 Kh7 62.Rf4 Rh5 63.Rf7+ Kh8
64.Rd7 d5 65.Rd2 Rb4 66.Re2 Rb8 67.Kd3 Kg8 68.Kd4 Rc8 69.Re3 Kf8 70.Rxd5 Rh4+
71.Kd3 Rhc4 72.Rf5+ Kg7 73.Rg3+ Kh6 74.Ke2 R4c6 75.Rf1 Kh7 76.Rh1+ Rh6 77.Rd1 Rhc6
78.Rb1  1-0

[Event "POL-chTJ"]
[Site "Rowy"]
[Date "1998.08.28"]
[Round "9"]
[White "Iwaniuk, Dorota"]
[Black "Kotwicka, Maja"]
[Result "1-0"]
[WhiteElo "2195"]
[BlackElo "2080"]

1.e4 c5 2.Nf3 d6 3.d4 cxd4 4.Nxd4 Nf6 5.Nc3 a6 6.Be3 e5 7.Nb3 Be6 8.f3 Nbd7
9.g4 b5 10.g5 Nh5 11.Qd2 Nb6 12.Nd5 Bxd5 13.exd5 Rc8 14.O-O-O Qc7 15.Bxb6 Qxb6
16.Bh3 Rc4 17.Rhe1 Be7 18.Bg4 Nf4 19.h4 O-O 20.Kb1 Ra8 21.Bd7 a5 22.Bc6 Ra7
23.Re4 f5 24.gxf6 Bxf6 25.Qh2 a4 26.Nd4 exd4 27.Qxf4 d3 28.cxd3 Qf2 29.Qd2 Qxd2
30.Rxd2 Rxe4 31.dxe4 Bxh4 32.e5 dxe5 33.d6 Kf7 34.Bxb5 a3 35.Bc6 Ra6 36.Bd5+ Ke8
37.Be6 Bd8 38.Bh3 Rb6 39.b3 Rc6 40.Rd5 Bf6 41.d7+ Kd8 42.Ra5 Rd6 43.Rxa3 Kc7
44.b4 Rd4 45.Rb3 h5 46.Kc2 g5 47.Rc3+ Kb6 48.Rd3 Kb5 49.Rxd4 exd4 50.Kb3 d3
51.Bf1 Kc6 52.Bxd3 Kxd7 53.Kc4 Kc6 54.a4 Be5 55.a5 g4 56.fxg4 hxg4 57.b5+ Kb7
58.b6  1-0

[Event "LIB-ch"]
[Site "Beirut"]
[Date "1998.09.01"]
[Round "6"]
[White "Fadi, Eid"]
[Black "Sakr, Nassim"]
[Result "0-1"]
[WhiteElo "2280"]
[BlackElo "2140"]

1.e4 c5 2.Nf3 d6 3.d4 cxd4 4.Nxd4 Nf6 5.Nc3 a6 6.Be3 e5 7.Nb3 Be7 8.f3 Be6
9.Qd2 b5 10.O-O-O Nbd7 11.g4 Nb6 12.Qf2 Nfd7 13.h4 Qc7 14.Kb1 Nc4 15.Nd5 Bxd5
16.exd5 Nxe3 17.Qxe3 Rc8 18.Bd3 Nc5 19.Bf5 Rd8 20.g5 g6 21.Bg4 h5 22.gxh6 Bf8
23.h5 Bxh6 24.hxg6 Bxe3 25.Rxh8+ Ke7 26.g7 Qb8 27.Rdh1 Rg8 28.Na5 Kf6 29.Nc6 Qe8
30.b4 Na4 31.Bd7 Qa8 32.f4 Bxf4 33.R8h5 Nc3+ 34.Kb2 Nxd5 35.Rf5+ Kxg7 36.Rg1+ Kf8
37.Be6 Rxg1 38.Rxf7+ Ke8 39.Bxd5 Qxc6  0-1

[Event "Kettler Cup CZE-USA"]
[Site "Ceska Trebova"]
[Date "1998.09.19"]
[Round "1"]
[White "Hracek, Zbynek"]
[Black "Kavalek, Lubomir"]
[Result "0-1"]
[WhiteElo "2615"]
[BlackElo "2520"]

1.e4 c5 2.Nf3 d6 3.d4 Nf6 4.Nc3 cxd4 5.Nxd4 a6 6.Be3 e6 7.g4 e5 8.Nf5 g6
9.g5 gxf5 10.exf5 d5 11.gxf6 d4 12.Bc4 Qc7 13.Qd3 dxe3 14.fxe3 b5 15.Bd5 Nc6
16.O-O-O Bb7 17.Be6 Nb4 18.Qd7+ Qxd7 19.Bxd7+ Kd8 20.Bc6+ Kc7 21.Bxb7 Kxb7
22.a3 Nc6 23.Rd7+ Kc8 24.Rxf7 Nd8 25.Rg7 Bxg7 26.fxg7 Rg8 27.f6 Kd7 28.Nd5 Nf7
29.Nb6+ Ke6 30.Nxa8 Rxa8 31.Rf1 Nh6 32.e4 Kf7 33.h3 Ng8 34.Rf5 Re8 35.a4 bxa4
36.Kb1 Nxf6 37.g8=Q+ Rxg8 38.Rxe5 Re8 39.Ra5 Rxe4 40.Rxa6 h5 41.Ka2 Rh4 42.Ka3 Nd5
43.Rxa4 Rxh3+ 44.Ka2 h4 45.c4 Ne3 46.c5 Ke6 47.Re4+ Kd5 48.Re8 Kxc5 49.Rc8+ Kb6
50.Rh8 Ng2 51.b3 Rg3 52.Ka3 h3 53.Rh6+ Kb5 54.Rh5+ Kc6 55.Rh6+ Kd5 56.Ka4 Ne3
57.b4 Ng4 58.Rh8 h2 59.b5 Rg1  0-1

[Event "Elista ol (Men)"]
[Site "Elista"]
[Date "1998.10.01"]
[Round "3"]
[White "Krakops, Maris"]
[Black "Martin del Campo, Roberto"]
[Result "1-0"]
[WhiteElo "2510"]
[BlackElo "2465"]

1.e4 c5 2.Nf3 d6 3.d4 cxd4 4.Nxd4 Nf6 5.Nc3 a6 6.Be3 e5 7.Nb3 Be6 8.f3 Nbd7
9.g4 Rc8 10.Qd2 b5 11.g5 Nh5 12.O-O-O Qc7 13.Kb1 Be7 14.Nd5 Bxd5 15.exd5 Nb6
16.Na5 O-O 17.Nc6 Nxd5 18.Nxe7+ Nxe7 19.Bh3 d5 20.Bxc8 Rxc8 21.c3 Qd7 22.Qe2 Qe6
23.Rhe1 Nc6 24.Qd3 Rd8 25.Ka1 g6 26.Qc2 Ng7 27.Bf2 Nf5 28.Bg3 Qd6 29.a3 Re8
30.Qd3 Rd8 31.Kb1 h6 32.gxh6 Kh7 33.Bf2 Nxh6 34.h4 Qf6 35.h5 Qf5 36.hxg6+ fxg6
37.Bg3 Qxd3+ 38.Rxd3 Nf7 39.Red1 Ne7 40.Bf2 Rc8 41.Rg1 Kg7 42.b4 Nd6 43.Re1 Kf6
44.f4 e4 45.Bh4+ Ke6 46.Bxe7 Kxe7 47.Rxd5 Rxc3 48.Rc1 Rxa3 49.Rc7+ Ke6 50.Re5+ Kf6
51.Rc6 Rd3 52.Rxa6 Kf7 53.Kc2 Rd4 54.Kc3 Rd3+ 55.Kc2 Rd4 56.Kc1 Rd3 57.Ra8 Rd4
58.Rd8 Rd3 59.Rd7+ Kf6 60.Ra7 Rd4 61.Ra6 Kf7 62.Kc2 Rc4+ 63.Kd1 Rd4+ 64.Ke2 Nf5
65.Rxb5 Kg7 66.Rbb6 Nh4 67.Ra8 Rd7 68.Rba6 Rd4 69.R6a7+ Kf6 70.Rf8+ Ke6 71.Ra6+ Ke7
72.Rh8  1-0

[Event "Elista ol (Men)"]
[Site "Elista"]
[Date "1998.10.04"]
[Round "6"]
[White "Kostenko, Petr"]
[Black "Dydyshko, Viacheslav"]
[Result "1/2-1/2"]
[WhiteElo "2470"]
[BlackElo "2495"]

1.e4 c5 2.Nf3 d6 3.d4 cxd4 4.Nxd4 Nf6 5.Nc3 a6 6.Be3 Nc6 7.Be2 e6 8.f4 Be7
9.O-O O-O 10.Qe1 Nxd4 11.Bxd4 b5 12.Rd1 Bb7 13.Bf3 Qc7 14.e5 dxe5 15.fxe5 Nd7
16.Bxb7 Qxb7 17.Ne4 Qc7 18.c3 Nxe5 19.Qg3 f6 20.Kh1 Rad8 21.Rde1 Qc4 22.b3 Qd5
23.Bxe5 fxe5 24.Rxf8+ Rxf8 25.Qe3 Bh4 26.g3 Bd8 27.Kg2 Qb7 28.Qd3 Be7 29.Rd1 Rd8
30.Qf3 Qa8 31.Rd7 Bf6 32.Rb7 Rf8 33.Nxf6+ Kh8 34.Qc6 Rxf6 35.Qxa6 Qd8 36.Rd7 Qe8
37.Qxb5 Rf8 38.a4 e4 39.Rd1 Qa8 40.Rf1 e3+ 41.Kg1 Rb8 42.Qe5 Rxb3 43.Qxe3 h6
44.Qd2 Qe4 45.a5 Ra3 46.Re1 Qf5 47.Qe2 Qxa5 48.Qxe6 Rxc3 49.Qe8+ Kh7 50.Qe4+ Kh8
51.Qe8+  1/2-1/2

[Event "Elista ol (Men)"]
[Site "Elista"]
[Date "1998.10.04"]
[Round "6"]
[White "Rytshagov, Mikhail"]
[Black "Lutz, Christopher"]
[Result "1/2-1/2"]
[WhiteElo "2565"]
[BlackElo "2600"]

1.e4 c5 2.Nf3 d6 3.d4 cxd4 4.Nxd4 Nf6 5.Nc3 a6 6.Be3 e5 7.Nb3 Be6 8.f3 Nc6
9.Qe2 Be7 10.O-O-O O-O 11.Kb1 Na5 12.Qf2 Nc4 13.Bxc4 Bxc4 14.Bb6 Qc8 15.Na5 Be6
16.g4 Qb8 17.Rd3 Rc8 18.Rhd1 Nd7 19.Nd5 Bxd5 20.Rxd5 Rc6 21.Be3 Rc8 22.g5 Qc7
23.Nb3 b5 24.f4 Qc4 25.Qg2 Bf8 26.fxe5 Nxe5 27.Nd4 g6 28.b3 Qc7  1/2-1/2

[Event "Elista ol (Men)"]
[Site "Elista"]
[Date "1998.10.05"]
[Round "7"]
[White "Krylov, Sergey"]
[Black "Wong Zi Jing"]
[Result "1-0"]
[WhiteElo "2325"]
[BlackElo "2120"]

1.e4 c5 2.Nf3 d6 3.d4 cxd4 4.Nxd4 Nf6 5.Nc3 a6 6.Be3 e5 7.Nb3 Be7 8.f3 Be6
9.Qd2 O-O 10.O-O-O a5 11.Bb5 Nc6 12.Kb1 Qb8 13.g4 Rc8 14.h4 Ne8 15.g5 Nc7
16.Bf1 a4 17.Nc1 a3 18.b3 Nb4 19.Na4 Rxa4 20.bxa4 d5 21.c3 Nc6 22.Nb3 dxe4
23.fxe4 Qa8 24.Bh3 Qxa4 25.Bxe6 Nxe6 26.Qd3 b5 27.Ka1 Bf8 28.Rhf1 Rd8 29.Qc2 Rc8
30.Rd7 Na5 31.Ra7 Bb4 32.Rc1 Bxc3+ 33.Kb1 Rb8 34.Qxc3 Qxe4+ 35.Ka1 Nc4 36.Bf2 Nf4
37.Qc2 Qf3 38.Rxa3 Nd3 39.Nd2 Qxf2 40.Rxd3 Qb6 41.Rc3 Qd4 42.Nxc4 b4 43.Qd3 bxc3
44.Qxc3 Qxh4 45.Qxe5 Rc8 46.Re1 h6 47.Nd6 Ra8 48.gxh6 Qxh6 49.Nf5 Qf6  1-0